000
00264nam a22001217a 4500
003
SGT
082
_a
621.382 BEA
100
_a
BEASLEY,JEFFREY S.
245
_a
MODERN ELECTRONICS COMMUNICATION
250
_a
8th
260
_a
NEW DELHI
_b
PHI
_c
2006
942
_2
ddc
_c
CD
999
_c
11240
_d
11240